| 000 | 01164cam a2200277 i 4500 | ||
|---|---|---|---|
| 003 | SA-RiAUC | ||
| 005 | 20241211083444.0 | ||
| 008 | 241210s1996 su g b 000 0 ara c | ||
| 040 |
_aSA-AhKFU _bara _cSA-RiAUC _erda |
||
| 043 | _aa-su--- | ||
| 082 | 0 | 4 |
_a915.312 _qSA-RiAUC |
| 090 |
_a915.312 _bن و ا |
||
| 100 | 1 |
_aنواب، عواطف محمد يوسف، _d1378 هجري- _eمؤلف. |
|
| 245 | 1 | 2 |
_aالرحلات المغربية والأندلسية : _bمصور من مصادر تاريخ الحجاز في القرنين السابع والثامن الهجريين / _cعواطف محمد يوسف نواب. |
| 264 | 1 |
_aالرياض : _bعواطف محمد يوسف نواب، _c1996 |
|
| 300 | _a502 صفحة | ||
| 336 |
_aنص _btxt _2rdacontent _3كتاب |
||
| 337 |
_aبدون وسيط _bn _2rdamedia |
||
| 338 |
_aمجلد _bnc _2rdacarrier |
||
| 504 | _aببليوجرافية : صفحة 479-502. | ||
| 651 | 7 |
_aالحجاز (السعودية) _xوصف ورحلات _2aucsh |
|
| 651 | 7 |
_aالحجاز (السعودية) _xجغرافيا _2aucsh |
|
| 942 |
_2ddc _cBOOK _n0 |
||
| 949 |
_aSA-JeALM _d241210 _umohamedma123 _n1 |
||
| 999 |
_c3323 _d3323 |
||